000 00554nam a2200229Ia 4500
003 OSt
005 20221005124624.0
006 a|||||r|||| 00| 0
007 ta
008 221004b |||||||| |||| 00| 0 eng d
024 _a14483
037 _cTextual
040 _aCRL
_cCRL
_beng
041 _2eng
_aeng
082 _aO111,3LLA,2, 168H7
100 _aRam P
_9635524
245 0 _aNaqli Nabab
260 _c1968
650 _aURDU LITERATURE
942 _hO111,3LLA,2, 168H7
_cTEXL
_2cc
999 _c1051034
_d1051034